El derecho a la reparación efectiva frente a los ilícitos contra la defensa de la competencia / (Registro nro. 5396)
[ vista simple ]
| 000 -LEADER | |
|---|---|
| fixed length control field | 01209nab a22002417a 4500 |
| 003 - CONTROL NUMBER IDENTIFIER | |
| control field | OSt |
| 005 - DATE AND TIME OF LATEST TRANSACTION | |
| control field | 20250311124235.0 |
| 008 - FIXED-LENGTH DATA ELEMENTS--GENERAL INFORMATION | |
| fixed length control field | 190604e xxu||||| |||| 00| 0 spa d |
| 040 ## - CATALOGING SOURCE | |
| Transcribing agency | PJ |
| 100 ## - MAIN ENTRY--PERSONAL NAME | |
| 9 (RLIN) | 6008 |
| Personal name | Díaz Cisneros, Adriano P. |
| 245 13 - TITLE STATEMENT | |
| Title | El derecho a la reparación efectiva frente a los ilícitos contra la defensa de la competencia / |
| Statement of responsibility, etc | Adriano P. Díaz Cisneros. |
| 260 ## - PUBLICATION, DISTRIBUTION, ETC. (IMPRINT) | |
| Place of publication, distribution, etc | Ciudad Autónoma de Buenos Aires : |
| Name of publisher, distributor, etc | Thomson Reuters La Ley, |
| Date of publication, distribution, etc | 2024. |
| 300 ## - PHYSICAL DESCRIPTION | |
| Extent | p. 9-19 |
| 500 ## - GENERAL NOTE | |
| General note | Cita Online: TR LALEY AR/DOC/1903/2024. |
| 505 ## - FORMATTED CONTENTS NOTE | |
| Formatted contents note | Sumario: I. Preliminar.— II. La reparación para terminar con la anomia.— III. Hacia la reparación efectiva.— IV. La reparación a los damnificados indirectos. Criterios de procedencia.— V. Conclusiones. |
| 505 ## - FORMATTED CONTENTS NOTE | |
| Title | ¿Te interesa el texto completo? Solicitalo al correo: koha@justierradelfuego.gov.ar<br/> |
| 650 #0 - SUBJECT ADDED ENTRY--TOPICAL TERM | |
| 9 (RLIN) | 2832 |
| Topical term or geographic name as entry element | DEFENSA DE LA COMPETENCIA |
| 650 #0 - SUBJECT ADDED ENTRY--TOPICAL TERM | |
| 9 (RLIN) | 4077 |
| Topical term or geographic name as entry element | REPARACION INTEGRAL |
| 650 #0 - SUBJECT ADDED ENTRY--TOPICAL TERM | |
| 9 (RLIN) | 234 |
| Topical term or geographic name as entry element | DERECHO COMPARADO |
| 650 #0 - SUBJECT ADDED ENTRY--TOPICAL TERM | |
| 9 (RLIN) | 6424 |
| Topical term or geographic name as entry element | DAÑO PUNITIVO |
| 773 0# - HOST ITEM ENTRY | |
| Host Biblionumber | 2714 |
| Host Itemnumber | 3171 |
| Place, publisher, and date of publication | Ciudad Autónoma de Buenos Aires : Thomson Reuters La Ley, 2014- |
| Title | Revista anales de legislación argentina. Nº 9 - Septiembre 2024. |
| 942 ## - ADDED ENTRY ELEMENTS (KOHA) | |
| Source of classification or shelving scheme | |
| Koha item type | Analítica Artículo de Revista |
No hay ítems disponibles.
